Osudy existencialistického románu

Bibliographic Details
Main Author: Jevninová, J. (Author)
Other Authors: Čepanová, Nadežda, 1925- (Translator)
Format: Article
Language:Slovak
Russian
Subjects:

MARC

LEADER 00000cab a2200000 4500
001 vtls011523523
003 SK-MaSNL
005 20260303213843.0
008 230704|1959 xo |||||||||||||||||slo|
015 |a SNBRB 
035 |a (urnnbn)urn:nbn:sk:snk:ar-00252n 
035 |a (uuid)df5c6f71-4484-472e-9048-fd07a4bcf160 
035 |a urn:nbn:sk:snk-abeb9x 
040 |a SNKBUCL  |b slo  |c SNKBUCL  |e AACR2 
041 1 |a slo  |h rus 
044 |a xo  |c SK 
080 |a 82:141.32  |2 2011 
080 |a (048.8)  |2 2011 
080 |a 821.133.1  |2 2011 
100 1 |a Jevninová, J.  |4 aut  |9 1248178 
245 1 0 |a Osudy existencialistického románu  |c J. Jevninová ; preložila N. Čepanová 
600 1 7 |a Sartre, Jean-Paul,  |d 1905-1980  |2 SNKMA  |9 108034 
650 0 7 |a existencializmus v literatúre  |2 SNKPH  |9 85534 
650 0 7 |a francúzsky román  |2 SNKPH  |9 117131 
655 7 |a štúdie  |2 SNKPH  |9 57033 
700 1 |a Čepanová, Nadežda,  |d 1925-  |4 trl  |9 185957 
773 0 |t Slovenské pohľady  |g Roč. 75, č. 9 - 10 (1959), s. 980-992 
850 |a Slovenská národná knižnica 
852 |a Slovenská národná knižnica 
954 |a odborná, vedecká literatúra cudzojazyčná (svetová)  |2 lita 
958 |a LX 
958 |a BC 
958 |a FR 
958 |a OND 
958 |a EUIPO 
958 |a article21 
999 |c 2214321  |d 2216251